000
00319nam a2200133Ia 4500
008
220216s9999 xx 000 0 und d
100
_a
Kotova Svetlana
245
0
_a
Imroved properties of nitrile butadiene rubber
260
_b
Rubber World
_c
2013
300
_a
18-20
650
_a
NBR
650
_a
PVC
942
_c
JS
999
_c
60920
_d
60920